<?xml version="1.0" encoding="UTF-8"?>
<record
    xmlns:xsi="http://www.w3.org/2001/XMLSchema-instance"
    xsi:schemaLocation="http://www.loc.gov/MARC21/slim http://www.loc.gov/standards/marcxml/schema/MARC21slim.xsd"
    xmlns="http://www.loc.gov/MARC21/slim">

  <leader>00634nam a22001577a 4500</leader>
  <datafield tag="999" ind1=" " ind2=" ">
    <subfield code="c">8047</subfield>
    <subfield code="d">8048</subfield>
  </datafield>
  <controlfield tag="008">190705b           ||||| |||| 00| 0 eng d</controlfield>
  <datafield tag="082" ind1=" " ind2=" ">
    <subfield code="a">954.98 D69s 2016</subfield>
  </datafield>
  <datafield tag="100" ind1=" " ind2=" ">
    <subfield code="a">Dorji, Tenzin</subfield>
  </datafield>
  <datafield tag="245" ind1=" " ind2=" ">
    <subfield code="a">&#xF64;&#xF7A;&#xF66;&#xF0C;&#xF58;&#xF5B;&#xF51;&#xF0D;  &#xF62;&#xF72;&#xF42;&#xF0B;&#xF42;&#xF5E;&#xF74;&#xF44;&#xF0B;&#xF5E;&#xF72;&#xF56;&#xF0C;&#xF60;&#xF5A;&#xF7C;&#xF63;&#xF0C;&#xF51;&#xF74;&#xF66;&#xF0C;&#xF51;&#xF7A;&#xF56;&#xF0D;</subfield>
    <subfield code="b">&#xF60;&#xF50;&#xF7C;&#xF53;&#xF0C;&#xF62;&#xF72;&#xF58;&#xF0C;&#xF56;&#xF5E;&#xF72;&#xF0C;&#xF54;&#xF0D; &#xF66;&#xF90;&#xF51;&#xF0C;&#xF62;&#xF72;&#xF42;&#xF0C;&#xF51;&#xF44;&#xF0C;&#xF62;&#xFA9;&#xF7C;&#xF58;&#xF0C;&#xF62;&#xF72;&#xF42;&#xF0C;</subfield>
  </datafield>
  <datafield tag="260" ind1=" " ind2=" ">
    <subfield code="a">Trongsa ;</subfield>
    <subfield code="b">History and Culture Center,</subfield>
    <subfield code="c">2016.</subfield>
  </datafield>
  <datafield tag="300" ind1=" " ind2=" ">
    <subfield code="a">viii, 138 p.</subfield>
    <subfield code="c">24 cm.</subfield>
  </datafield>
  <datafield tag="650" ind1=" " ind2=" ">
    <subfield code="a">Rigzhung Research Journal, Issue 4</subfield>
  </datafield>
  <datafield tag="700" ind1=" " ind2=" ">
    <subfield code="a">Tshering, Paljor.</subfield>
  </datafield>
  <datafield tag="700" ind1=" " ind2=" ">
    <subfield code="a">Tshering Tashi.</subfield>
  </datafield>
  <datafield tag="942" ind1=" " ind2=" ">
    <subfield code="2">ddc</subfield>
  </datafield>
  <datafield tag="952" ind1=" " ind2=" ">
    <subfield code="0">0</subfield>
    <subfield code="1">0</subfield>
    <subfield code="2">ddc</subfield>
    <subfield code="4">0</subfield>
    <subfield code="7">0</subfield>
    <subfield code="8">DZONGKHA</subfield>
    <subfield code="a">RTCLIB</subfield>
    <subfield code="b">RTCLIB</subfield>
    <subfield code="c">DZONGKHA</subfield>
    <subfield code="d">2019-07-05</subfield>
    <subfield code="h">13955</subfield>
    <subfield code="l">0</subfield>
    <subfield code="o">954.98 DOR</subfield>
    <subfield code="p">30013767</subfield>
    <subfield code="r">2019-07-05 00:00:00</subfield>
    <subfield code="t">6</subfield>
    <subfield code="w">2019-07-05</subfield>
    <subfield code="y">DZONGKHA</subfield>
  </datafield>
  <datafield tag="952" ind1=" " ind2=" ">
    <subfield code="0">0</subfield>
    <subfield code="1">0</subfield>
    <subfield code="2">ddc</subfield>
    <subfield code="4">0</subfield>
    <subfield code="7">0</subfield>
    <subfield code="8">DZONGKHA</subfield>
    <subfield code="a">RTCLIB</subfield>
    <subfield code="b">RTCLIB</subfield>
    <subfield code="c">DZONGKHA</subfield>
    <subfield code="d">2019-07-05</subfield>
    <subfield code="h">13956</subfield>
    <subfield code="l">0</subfield>
    <subfield code="o">954.98 DOR</subfield>
    <subfield code="p">30013810</subfield>
    <subfield code="r">2019-07-05 00:00:00</subfield>
    <subfield code="t">5</subfield>
    <subfield code="w">2019-07-05</subfield>
    <subfield code="y">DZONGKHA</subfield>
  </datafield>
  <datafield tag="952" ind1=" " ind2=" ">
    <subfield code="0">0</subfield>
    <subfield code="1">0</subfield>
    <subfield code="2">ddc</subfield>
    <subfield code="4">0</subfield>
    <subfield code="7">0</subfield>
    <subfield code="8">DZONGKHA</subfield>
    <subfield code="a">RTCLIB</subfield>
    <subfield code="b">RTCLIB</subfield>
    <subfield code="c">DZONGKHA</subfield>
    <subfield code="d">2019-07-05</subfield>
    <subfield code="h">13957</subfield>
    <subfield code="l">0</subfield>
    <subfield code="o">954.98 DOR</subfield>
    <subfield code="p">30013760</subfield>
    <subfield code="r">2019-07-05 00:00:00</subfield>
    <subfield code="t">4</subfield>
    <subfield code="w">2019-07-05</subfield>
    <subfield code="y">DZONGKHA</subfield>
  </datafield>
  <datafield tag="952" ind1=" " ind2=" ">
    <subfield code="0">0</subfield>
    <subfield code="1">0</subfield>
    <subfield code="2">ddc</subfield>
    <subfield code="4">0</subfield>
    <subfield code="7">0</subfield>
    <subfield code="8">DZONGKHA</subfield>
    <subfield code="a">RTCLIB</subfield>
    <subfield code="b">RTCLIB</subfield>
    <subfield code="c">DZONGKHA</subfield>
    <subfield code="d">2019-07-05</subfield>
    <subfield code="h">13958</subfield>
    <subfield code="l">0</subfield>
    <subfield code="o">954.98  DOR</subfield>
    <subfield code="p">30013800</subfield>
    <subfield code="r">2019-07-05 00:00:00</subfield>
    <subfield code="t">3</subfield>
    <subfield code="w">2019-07-05</subfield>
    <subfield code="y">DZONGKHA</subfield>
  </datafield>
  <datafield tag="952" ind1=" " ind2=" ">
    <subfield code="0">0</subfield>
    <subfield code="1">0</subfield>
    <subfield code="2">ddc</subfield>
    <subfield code="4">0</subfield>
    <subfield code="7">0</subfield>
    <subfield code="8">DZONGKHA</subfield>
    <subfield code="a">RTCLIB</subfield>
    <subfield code="b">RTCLIB</subfield>
    <subfield code="c">DZONGKHA</subfield>
    <subfield code="d">2019-07-05</subfield>
    <subfield code="h">13959</subfield>
    <subfield code="l">0</subfield>
    <subfield code="o">954.98 DOR</subfield>
    <subfield code="p">30013817</subfield>
    <subfield code="r">2019-07-05 00:00:00</subfield>
    <subfield code="t">2</subfield>
    <subfield code="w">2019-07-05</subfield>
    <subfield code="y">DZONGKHA</subfield>
  </datafield>
  <datafield tag="952" ind1=" " ind2=" ">
    <subfield code="0">0</subfield>
    <subfield code="1">0</subfield>
    <subfield code="2">ddc</subfield>
    <subfield code="4">0</subfield>
    <subfield code="7">0</subfield>
    <subfield code="8">DZONGKHA</subfield>
    <subfield code="a">RTCLIB</subfield>
    <subfield code="b">RTCLIB</subfield>
    <subfield code="c">DZONGKHA</subfield>
    <subfield code="d">2019-07-05</subfield>
    <subfield code="h">13960</subfield>
    <subfield code="l">0</subfield>
    <subfield code="o">954.98 DOR</subfield>
    <subfield code="p">30013825</subfield>
    <subfield code="r">2019-07-05 00:00:00</subfield>
    <subfield code="t">1</subfield>
    <subfield code="w">2019-07-05</subfield>
    <subfield code="y">DZONGKHA</subfield>
  </datafield>
</record>
